Are the Confidence Indicators Meaningful for Forecasting Real Economy? Testing Power of Confidence Indicators for Industry Output, Prices and Employment in the Visegrád Group Countries

Analýza prediktívnej sily predstihových ukazovateľov pre vývoj priemyselnej produkcie, cien výrobcov a zamestnanosti v Českej republike, Slovenskej republike, v Maďarsku a Poľsku (krajiny V4). Aplikácia Grangerovho testu kauzality na detekciu potenciálnej príčinnej súvislosti medzi predstihovými uka...

Descripción completa

Guardado en:
Detalles Bibliográficos
Autor principal: Nežinský, Eduard, 1972-
Otros Autores: Baláž, Vladimír
Formato: Capítulo de libro
Lenguaje:inglés
Materias:
Etiquetas: Agregar Etiqueta
Sin Etiquetas, Sea el primero en etiquetar este registro!

MARC

LEADER 00000naa a2200000 4500
001 0226633
005 20250318133525.2
041 0 |a eng 
044 |a SK 
245 1 0 |a Are the Confidence Indicators Meaningful for Forecasting Real Economy?  |b Testing Power of Confidence Indicators for Industry Output, Prices and Employment in the Visegrád Group Countries  |c Eduard Nežinský, Vladimír Baláž 
520 |a Analýza prediktívnej sily predstihových ukazovateľov pre vývoj priemyselnej produkcie, cien výrobcov a zamestnanosti v Českej republike, Slovenskej republike, v Maďarsku a Poľsku (krajiny V4). Aplikácia Grangerovho testu kauzality na detekciu potenciálnej príčinnej súvislosti medzi predstihovými ukazovateľmi a ukazovateľmi skutočného vývoja ekonomiky. Identifikovanie najlepších modelov OLS s autoregresívnymi členmi, doplnenými o predstihové indikátory. Presnosť predikcií takýchto modelov je testovaná v porovnaní s benchmarkovými modelmi ARMA prostredníctvom Dieboldovho-Marianovho testu. 
610 2 0 |a predvídanie 
610 2 0 |a produkcia 
610 2 0 |a výroba priemyselná 
610 2 0 |a ceny 
610 2 0 |a zamestnanosť 
610 2 0 |a Vyšehradská štvorka 
610 2 0 |a situácia hospodárska 
610 2 0 |a modely autoregresné 
100 1 |a Nežinský, Eduard, 1972- 
700 1 |a Baláž, Vladimír